| 000 | 01083nam a2200277 i 4500 | ||
|---|---|---|---|
| 001 | 128418 | ||
| 003 | ES-MaACL | ||
| 005 | 20230906193255.0 | ||
| 007 | t| | ||
| 008 | 070510s1972 sp a |||| | spa d | ||
| 080 | _a72.034/.036 | ||
| 100 | 1 |
_aTafuri, Manfredo. _9109061 |
|
| 245 | 1 | 0 |
_aDe la vanguardia a la metrópoli : _bcrítica radical a la arquitectura / _cManfredo Tafuri, Massimo Cacciari, Francesco Dal Co ; [traducción, Seminario de Urbanística II de la ETS de Arquitectura de Barcelona]. |
| 260 |
_aBarcelona : _bGustavo Gili, _c[1972] |
||
| 300 |
_a205 p. : _bil. ; _c21 cm. |
||
| 490 | 1 | _aArquitectura y crítica | |
| 650 |
_aArquitectura y sociedad. _9173949 |
||
| 650 | 4 |
_aArquitectura- _yS.XX. _910007 |
|
| 650 | 4 |
_aVanguardias (Arte) _9173948 |
|
| 700 | 1 |
_aCacciari, Massimo. _933336 |
|
| 700 | 1 |
_aDal Co, Francesco. _942467 |
|
| 710 | 2 |
_aUniversitat Politècnica de Catalunya. _bEscuela Técnica Superior de Arquitectura de Barcelona. _9173916 |
|
| 830 | 1 |
_aArquitectura y crítica _9186742 |
|
| 852 | 4 |
_aES-MaACL _jC-49349 |
|
| 999 |
_c128418 _d128418 |
||